[Event "44th Chess Olympiad Open 2022"]
[Site "Chennai"]
[Date "2022.07.29"]
[Round "1.63"]
[White "Salvadora, Angelo"]
[Black "Yordanov, Lachezar"]
[Result "0-1"]
[WhiteElo "1711"]
[BlackElo "2316"]
[Annotator "TA"]
[PlyCount "78"]
[EventDate "2022.07.29"]
[EventType "team-tourn"]
[EventCountry "IND"]
[SourceTitle "playchess.com"]
[Source "ChessBase"]
[SourceQuality "1"]
[WhiteTeam "PLW"]
[BlackTeam "Bulgaria"]
[BlackTeamCountry "BUL"]

1. e4 c5 2. Bc4 e6 3. Nc3 a6 4. a4 Nc6 5. Nf3 g6 6. d4 cxd4 7. Nxd4 Bg7 8. Nxc6
bxc6 9. Bf4 d5 10. exd5 cxd5 11. Bd3 Ne7 12. Qd2 O-O 13. Bh6 e5 14. Bxg7 Kxg7
15. O-O Bb7 16. Qg5 f6 17. Qg3 Rc8 18. h4 e4 19. Be2 d4 20. Nd1 Rxc2 21. Bg4
Qd5 22. Re1 f5 23. Be2 f4 24. Qa3 Nf5 25. Bg4 Rf7 26. h5 e3 27. Bf3 Qa5 28. Re2
Rxe2 29. Bxe2 Qe1+ 30. Bf1 e2 31. Ne3 exf1=Q+ 32. Nxf1 Qe4 33. Qh3 f3 34. Nd2
Qe2 35. Nxf3 Bxf3 36. gxf3 d3 37. hxg6 hxg6 38. Kg2 d2 39. Rh1 Ne3+ 0-1

[Event "44th Chess Olympiad Open 2022"]
[Site "Chennai"]
[Date "2022.07.29"]
[Round "1.64"]
[White "Kantans, Toms"]
[Black "Moncur, Cecil"]
[Result "1-0"]
[WhiteElo "2486"]
[BlackElo "1815"]
[Annotator "TA"]
[PlyCount "81"]
[EventDate "2022.07.29"]
[EventType "team-tourn"]
[EventCountry "IND"]
[SourceTitle "playchess.com"]
[Source "ChessBase"]
[SourceQuality "1"]
[WhiteTeam "Latvia"]
[BlackTeam "Bahamas"]
[WhiteTeamCountry "LAT"]
[BlackTeamCountry "BAH"]

1. e4 c5 2. Nf3 e6 3. g3 g6 4. Bg2 Bg7 5. d4 cxd4 6. Nxd4 Ne7 7. O-O O-O 8. Nc3
d5 9. exd5 Nxd5 10. Nxd5 exd5 11. c3 Nc6 12. Be3 Nxd4 13. Bxd4 Be6 14. Re1 Bxd4
15. Qxd4 Qb6 16. Qxb6 axb6 17. a3 Rfc8 18. Rad1 Rc5 19. Rd4 b5 20. Red1 Rd8 21.
g4 h6 22. Bf1 Kg7 23. Kg2 Ra8 24. Kg3 Ra4 25. Rb4 Bd7 26. Be2 Be6 27. f4 Ra5
28. Rd2 Kf6 29. Bd1 Rc4 30. Bf3 Rc5 31. Kf2 Ke7 32. Ke3 Kd6 33. Rbd4 f5 34.
gxf5 gxf5 35. Rg2 Ra4 36. Be2 Ra8 37. Rg6 Rg8 38. Rxh6 Rg1 39. Rb4 Re1 40. Kf2
Rb1 41. Bxb5 1-0

[Event "44th Chess Olympiad Open 2022"]
[Site "Chennai"]
[Date "2022.07.29"]
[Round "1.64"]
[White "Knowles, Kendrick"]
[Black "Reimanis, Ritvars"]
[Result "0-1"]
[WhiteElo "1907"]
[BlackElo "2377"]
[Annotator "TA"]
[PlyCount "86"]
[EventDate "2022.07.29"]
[EventType "team-tourn"]
[EventCountry "IND"]
[SourceTitle "playchess.com"]
[Source "ChessBase"]
[SourceQuality "1"]
[WhiteTeam "Bahamas"]
[BlackTeam "Latvia"]
[WhiteTeamCountry "BAH"]
[BlackTeamCountry "LAT"]

1. Nf3 c5 2. g3 Nc6 3. Bg2 e5 4. d3 g6 5. Nc3 Bg7 6. Bg5 f6 7. Bc1 Nge7 8. e4
d6 9. b3 b5 10. O-O Rb8 11. a4 b4 12. Ne2 f5 13. Bb2 fxe4 14. dxe4 O-O 15. Qd3
Kh8 16. Nd2 Nd4 17. Bxd4 cxd4 18. Nc4 Ba6 19. Bh3 d5 20. exd5 Qxd5 21. Bg2 Qc5
22. f4 Nf5 23. fxe5 Rfe8 24. Rxf5 gxf5 25. Qxd4 Qxd4+ 26. Nxd4 Bxc4 27. Nc6 Be6
28. Rd1 Rbc8 29. Nxb4 Bxe5 30. Nc6 Bc7 31. a5 a6 32. c4 f4 33. Rd4 fxg3 34.
hxg3 Bxg3 35. b4 Bf5 36. Bd5 Bh3 37. Rd1 Re3 38. Nd4 Rce8 39. Nf3 Bg4 40. Kg2
Bxf3+ 41. Bxf3 Be1 42. Bd5 Bxb4 43. Ra1 Ra3 0-1

[Event "44th Chess Olympiad Open 2022"]
[Site "Chennai"]
[Date "2022.07.29"]
[Round "1.65"]
[White "Zia, Tahsin Tajwar"]
[Black "Njau, Albert"]
[Result "1-0"]
[WhiteElo "2307"]
[BlackElo "1842"]
[Annotator "TA"]
[PlyCount "49"]
[EventDate "2022.07.29"]
[EventType "team-tourn"]
[EventCountry "IND"]
[SourceTitle "playchess.com"]
[Source "ChessBase"]
[SourceQuality "1"]
[WhiteTeam "Bangladesh"]
[BlackTeam "Tanzania"]
[WhiteTeamCountry "BAN"]
[BlackTeamCountry "TAN"]

1. d4 d5 2. Nf3 Nf6 3. c4 e6 4. g3 Be7 5. Bg2 O-O 6. O-O c5 7. cxd5 Nxd5 8. e4
Nb4 9. a3 Qa5 10. d5 exd5 11. exd5 Qa6 12. Nc3 Bf5 13. Bg5 Nc2 14. Bxe7 Re8 15.
d6 Nxa1 16. Qxa1 Be6 17. Ng5 Nc6 18. Nxe6 fxe6 19. Bg5 h6 20. d7 Rf8 21. Bxc6
hxg5 22. Be4 g4 23. Qd1 Rad8 24. Qxg4 Rxd7 25. Qh5 1-0

[Event "44th Chess Olympiad Open 2022"]
[Site "Chennai"]
[Date "2022.07.29"]
[Round "1.65"]
[White "Charles, Cleophas"]
[Black "Murshed, Niaz"]
[Result "0-1"]
[WhiteElo "1593"]
[BlackElo "2413"]
[Annotator "TA"]
[PlyCount "118"]
[EventDate "2022.07.29"]
[EventType "team-tourn"]
[EventCountry "IND"]
[SourceTitle "playchess.com"]
[Source "ChessBase"]
[SourceQuality "1"]
[WhiteTeam "Tanzania"]
[BlackTeam "Bangladesh"]
[WhiteTeamCountry "TAN"]
[BlackTeamCountry "BAN"]

1. e4 c5 2. Nf3 Nc6 3. d4 cxd4 4. Nxd4 Qc7 5. Be3 e6 6. Be2 Nf6 7. Bf3 a6 8.
Nd2 Ne5 9. O-O h5 10. h3 Neg4 11. hxg4 hxg4 12. g3 gxf3 13. N4xf3 b6 14. Bf4 d6
15. e5 dxe5 16. Bxe5 Qc6 17. Bxf6 gxf6 18. Nh4 Rxh4 19. gxh4 Bb7 20. f3 O-O-O
21. Qe2 Bc5+ 22. Kh1 f5 23. Rad1 Rh8 24. Qc4 b5 25. Qf4 Be7 26. Qe5 Rxh4+ 27.
Kg2 Bd6 28. Qc3 Rh2+ 29. Kg1 Qxc3 30. bxc3 Re2 31. Rfe1 Bc5+ 32. Kh1 Rxd2 33.
Rxd2 Bxf3+ 34. Kh2 Kc7 35. Ra1 Bc6 36. Kg3 e5 37. Rh2 f4+ 38. Kg4 Bd7+ 39. Kf3
Bc6+ 40. Kg4 f3 41. Rh7 Bd5 42. Rf1 f2 43. Kg3 Bxa2 44. Rxf2 Bxf2+ 45. Kxf2 a5
46. Rh6 Be6 47. Ke3 a4 48. Ke4 Kd6 49. Rh8 f5+ 50. Kd3 Bc4+ 51. Ke3 a3 52. Rd8+
Kc7 53. Rd1 a2 54. Kd2 f4 55. Ke1 e4 56. Kf2 Kb6 57. Ke1 e3 58. Rd6+ Ka5 59.
Rd1 f3 0-1

[Event "44th Chess Olympiad Open 2022"]
[Site "Chennai"]
[Date "2022.07.29"]
[Round "1.66"]
[White "Matamoros Franco, Carlos S."]
[Black "Depaune, Ricko"]
[Result "1-0"]
[WhiteElo "2459"]
[BlackElo "1726"]
[Annotator "TA"]
[PlyCount "79"]
[EventDate "2022.07.29"]
[EventType "team-tourn"]
[EventCountry "IND"]
[SourceTitle "playchess.com"]
[Source "ChessBase"]
[SourceQuality "1"]
[WhiteTeam "Ecuador"]
[BlackTeam "NRU"]
[WhiteTeamCountry "ECU"]

1. Nf3 e6 2. g3 Nf6 3. Bg2 d5 4. O-O Bd6 5. d4 h6 6. c4 dxc4 7. Nbd2 Nbd7 8.
Nxc4 Nb6 9. Nce5 O-O 10. Qc2 Bd7 11. Bd2 Rc8 12. Nxd7 Nbxd7 13. b4 c6 14. Rab1
b5 15. e4 e5 16. dxe5 Bxe5 17. Be3 Qc7 18. Bh3 Rfe8 19. Rfd1 Rcd8 20. Rdc1 Nb8
21. Nxe5 Qxe5 22. Bxa7 Qh5 23. Bg2 Ng4 24. h3 Ne5 25. Bxb8 Rxb8 26. Qd1 Qg6 27.
Qe2 Rbd8 28. Rd1 Qe6 29. a3 Ra8 30. Ra1 Ra4 31. Bf1 Rea8 32. Qe3 Nc4 33. Bxc4
Qxc4 34. Rd3 Rxb4 35. Rc1 Qxe4 36. axb4 Qxb4 37. Rxc6 Ra1+ 38. Rc1 Ra6 39. Rd8+
Kh7 40. Qd3+ 1-0

[Event "44th Chess Olympiad Open 2022"]
[Site "Chennai"]
[Date "2022.07.29"]
[Round "1.68"]
[White "Cawdery, Daniel"]
[Black "Ebosse Kingue Victor Patrick"]
[Result "1-0"]
[WhiteElo "2417"]
[BlackElo "2054"]
[Annotator "TA"]
[PlyCount "69"]
[EventDate "2022.07.29"]
[EventType "team-tourn"]
[EventCountry "IND"]
[SourceTitle "playchess.com"]
[Source "ChessBase"]
[SourceQuality "1"]
[WhiteTeam "South Africa"]
[BlackTeam "CMR"]
[WhiteTeamCountry "RSA"]

1. e4 c5 2. Nf3 d6 3. d4 cxd4 4. Nxd4 Nf6 5. Nc3 a6 6. Be3 e5 7. Nb3 Be6 8. f3
h5 9. Qd2 Nbd7 10. O-O-O Rc8 11. Kb1 Qc7 12. Nd5 Bxd5 13. exd5 Nb6 14. c4 Be7
15. Rc1 O-O 16. Bd3 Rfe8 17. Bf5 Ra8 18. g4 g6 19. g5 Nfd7 20. Bd3 a5 21. Qc2
Kg7 22. f4 a4 23. Nd2 exf4 24. Bxf4 Nc5 25. Rhf1 Bf8 26. Rf3 Kg8 27. Be3 Bg7
28. Rcf1 Re7 29. Bxc5 Qxc5 30. Ne4 Qd4 31. Nf6+ Kf8 32. a3 Rc8 33. Rf4 Qe5 34.
Re4 Qxg5 35. Nh7+ 1-0

[Event "44th Chess Olympiad Open 2022"]
[Site "Chennai"]
[Date "2022.07.29"]
[Round "1.69"]
[White "Markov, Mikhail"]
[Black "Guterres, Cosme"]
[Result "1-0"]
[WhiteElo "2333"]
[BlackElo "1692"]
[Annotator "TA"]
[PlyCount "91"]
[EventDate "2022.07.29"]
[EventType "team-tourn"]
[EventCountry "IND"]
[SourceTitle "playchess.com"]
[Source "ChessBase"]
[SourceQuality "1"]
[WhiteTeam "Kyrgyzstan"]
[BlackTeam "TLS"]
[WhiteTeamCountry "KGZ"]

1. c4 c6 2. Nf3 e6 3. d4 Nf6 4. Nbd2 Be7 5. e4 d6 6. Bd3 a6 7. Qe2 Qc7 8. b3
Nfd7 9. Bb2 f6 10. e5 f5 11. exd6 Qxd6 12. c5 Qc7 13. O-O Nf6 14. Ne5 O-O 15.
Bc4 Nd5 16. Ndf3 Bf6 17. Rfe1 Nd7 18. Nd3 Re8 19. Bxd5 cxd5 20. Bc1 Nf8 21. Bf4
Qd8 22. Bd6 Bd7 23. a4 Ng6 24. b4 Rc8 25. Nde5 Bxe5 26. dxe5 Ra8 27. g3 Bc6 28.
b5 Bd7 29. Nd4 f4 30. Qg4 Qa5 31. c6 bxc6 32. bxc6 Bc8 33. c7 Bd7 34. Nb3 Qc3
35. Nc5 Bc8 36. Rac1 Qa5 37. Rb1 Qd2 38. Red1 Qc2 39. Rb8 fxg3 40. hxg3 Bd7 41.
Nxd7 Qf5 42. Qxf5 exf5 43. Rxa8 Rxa8 44. Nb8 h6 45. c8=Q+ Kh7 46. Qb7 1-0

[Event "44th Chess Olympiad Open 2022"]
[Site "Chennai"]
[Date "2022.07.29"]
[Round "1.69"]
[White "Zhakshylykov, Erzhan"]
[Black "da Conceicao, Marcos"]
[Result "1-0"]
[WhiteElo "2332"]
[BlackElo "1713"]
[Annotator "TA"]
[PlyCount "75"]
[EventDate "2022.07.29"]
[EventType "team-tourn"]
[EventCountry "IND"]
[SourceTitle "playchess.com"]
[Source "ChessBase"]
[SourceQuality "1"]
[WhiteTeam "Kyrgyzstan"]
[BlackTeam "TLS"]
[WhiteTeamCountry "KGZ"]

1. d4 c6 2. c4 e6 3. Nc3 Nf6 4. e4 d6 5. Nf3 Be7 6. Bd3 Nbd7 7. Bf4 Nh5 8. Be3
Nhf6 9. h3 h6 10. e5 Nh7 11. h4 d5 12. cxd5 exd5 13. Ne2 Ndf8 14. Ng3 Be6 15.
Qc2 Qd7 16. Nh5 g6 17. Ng7+ Kd8 18. Bxh6 Kc7 19. h5 Bg4 20. Bf4 Ne6 21. Nxe6+
Qxe6 22. hxg6 Bxf3 23. gxf3 Ng5 24. O-O-O fxg6 25. Bxg6 Rhf8 26. Be3 Nxf3 27.
Rh7 Rad8 28. Bh5 Kb8 29. Qg6 Qxg6 30. Bxg6 Bg5 31. e6 Bxe3+ 32. fxe3 Rfe8 33.
e7 Rc8 34. Bxe8 Rxe8 35. Rf1 Ng5 36. Rf8 Nxh7 37. Rxe8+ Kc7 38. Rc8+ 1-0

[Event "44th Chess Olympiad Open 2022"]
[Site "Chennai"]
[Date "2022.07.29"]
[Round "1.69"]
[White "de Araujo, Helder"]
[Black "Abdyjapar, Asyl"]
[Result "0-1"]
[WhiteElo "1742"]
[BlackElo "2306"]
[Annotator "TA"]
[PlyCount "108"]
[EventDate "2022.07.29"]
[EventType "team-tourn"]
[EventCountry "IND"]
[SourceTitle "playchess.com"]
[Source "ChessBase"]
[SourceQuality "1"]
[WhiteTeam "TLS"]
[BlackTeam "Kyrgyzstan"]
[BlackTeamCountry "KGZ"]

1. d4 Nf6 2. c4 g6 3. Nc3 Bg7 4. Nf3 d6 5. e4 O-O 6. Be2 e5 7. dxe5 dxe5 8.
Qxd8 Rxd8 9. Bg5 Rf8 10. O-O Nc6 11. Rfd1 h6 12. Bxf6 Bxf6 13. Nd5 Bd8 14. b4
Bg4 15. Rd3 Bxf3 16. Bxf3 a5 17. b5 Nd4 18. Bd1 c6 19. Ne3 h5 20. bxc6 bxc6 21.
Rb1 Be7 22. Nc2 Ne6 23. Rd7 Bc5 24. Kf1 Rfd8 25. Rxd8+ Rxd8 26. Ke1 Nf4 27. Ne3
Bb4+ 28. Kf1 Rd2 29. Bb3 Nd3 30. Rd1 Rxf2+ 31. Kg1 Rd2 32. Rxd2 Bxd2 33. Nd1
Nc1 34. Ba4 Nxa2 35. Bxc6 Nb4 36. Bb5 Nd3 37. Kf1 Nc5 38. Ke2 Bb4 39. Nf2 a4
40. Nd3 Nxd3 41. Kxd3 a3 42. Kc2 Kg7 43. Ba4 h4 44. Bb3 f5 45. Kd3 Kf6 46. Ke3
Bc5+ 47. Kf3 Bg1 48. h3 Bd4 49. Ba2 Ke7 50. exf5 gxf5 51. g4 e4+ 52. Kf4 e3 53.
Kf3 fxg4+ 54. hxg4 h3 0-1

[Event "44th Chess Olympiad Open 2022"]
[Site "Chennai"]
[Date "2022.07.29"]
[Round "1.71"]
[White "Ahmad, Md Siraj Munir"]
[Black "Saraci, Nderim"]
[Result "0-1"]
[WhiteElo "2035"]
[BlackElo "2495"]
[Annotator "TA"]
[PlyCount "56"]
[EventDate "2022.07.29"]
[EventType "team-tourn"]
[EventCountry "IND"]
[SourceTitle "playchess.com"]
[Source "ChessBase"]
[SourceQuality "1"]
[WhiteTeam "Brunei"]
[BlackTeam "Kosovo"]
[WhiteTeamCountry "BRN"]
[BlackTeamCountry "KOS"]

1. e4 e5 2. Nf3 Nc6 3. Nc3 Nf6 4. d4 exd4 5. Nxd4 Bb4 6. Nxc6 bxc6 7. Bd3 d5 8.
exd5 O-O 9. O-O cxd5 10. Bg5 c6 11. Qf3 Re8 12. Bxf6 Qxf6 13. Qxf6 gxf6 14.
Rae1 Bd7 15. a3 Bd6 16. Ne2 c5 17. Ng3 c4 18. Bf5 Be6 19. c3 Rab8 20. Bxe6 fxe6
21. Re2 Rb6 22. Nf5 Bc5 23. Ne3 Kf7 24. Rfe1 Bxe3 25. fxe3 Reb8 26. e4 Rxb2 27.
exd5 Rxe2 28. Rxe2 exd5 0-1

[Event "44th Chess Olympiad Open 2022"]
[Site "Chennai"]
[Date "2022.07.29"]
[Round "1.72"]
[White "Hlophe, Smilo"]
[Black "Castro Torres, Jose Luis"]
[Result "0-1"]
[WhiteElo "1731"]
[BlackElo "2326"]
[Annotator "TA"]
[PlyCount "109"]
[EventDate "2022.07.29"]
[EventType "team-tourn"]
[EventCountry "IND"]
[SourceTitle "playchess.com"]
[Source "ChessBase"]
[SourceQuality "1"]
[WhiteTeam "SWZ"]
[BlackTeam "Venezuela"]
[BlackTeamCountry "VEN"]

1. d4 Nf6 2. c4 g6 3. g3 Bg7 4. Bg2 d6 5. Nc3 O-O 6. Nf3 Nc6 7. d5 Na5 8. Qd3
c5 9. O-O a6 10. Rb1 b5 11. cxb5 c4 12. Qd1 axb5 13. Nxb5 Bf5 14. Ra1 Nb3 15.
axb3 Rxa1 16. bxc4 Qc8 17. b3 Ne4 18. Nfd4 Nc5 19. Nc6 Re8 20. Nbd4 Be4 21. b4
Bxg2 22. Kxg2 Nd7 23. Qc2 Nb6 24. Nb3 Ra8 25. e4 e6 26. Be3 exd5 27. cxd5 Nd7
28. Rc1 Qa6 29. Bd4 Qa2 30. Bxg7 Qxc2 31. Rxc2 Kxg7 32. f3 Ra3 33. Nbd4 Rea8
34. Nb5 Ra2 35. Rf2 Ne5 36. Nxd6 Nd3 37. Rxa2 Rxa2+ 38. Kh3 Rb2 39. b5 h5 40.
e5 g5 41. Nf5+ Kg6 42. Nfd4 f5 43. Ne7+ Kf7 44. Nexf5 Nxe5 45. g4 h4 46. f4
gxf4 47. Kxh4 Rxh2+ 48. Kg5 f3 49. Kf4 f2 50. Ne3 Nc4 51. Ndf5 Nxe3 52. Nxe3
Rh3 53. Nf1 Rh1 54. Ng3 Rg1 55. Ke4 0-1

[Event "44th Chess Olympiad Open 2022"]
[Site "Chennai"]
[Date "2022.07.29"]
[Round "1.73"]
[White "Mwali, Chitumbo"]
[Black "McCoy, Tom"]
[Result "1-0"]
[WhiteElo "2320"]
[BlackElo "1812"]
[Annotator "TA"]
[PlyCount "27"]
[EventDate "2022.07.29"]
[EventType "team-tourn"]
[EventCountry "IND"]
[SourceTitle "playchess.com"]
[Source "ChessBase"]
[SourceQuality "1"]
[WhiteTeam "Zambia"]
[BlackTeam "Papua New Guinea"]
[WhiteTeamCountry "ZAM"]
[BlackTeamCountry "PNG"]

1. c4 e5 2. g3 Nf6 3. Bg2 Nc6 4. Nc3 Bb4 5. Nd5 O-O 6. e3 d6 7. Ne2 Re8 8. O-O
Bg4 9. h3 Be6 10. a3 Bc5 11. d4 exd4 12. exd4 Bxd5 13. cxd5 Rxe2 14. dxc6 1-0

[Event "44th Chess Olympiad Open 2022"]
[Site "Chennai"]
[Date "2022.07.29"]
[Round "1.74"]
[White "Msellek, Ilyass"]
[Black "Koumba, Mounguen Jose Evrard"]
[Result "1-0"]
[WhiteElo "2398"]
[BlackElo "1942"]
[Annotator "TA"]
[PlyCount "85"]
[EventDate "2022.07.29"]
[EventType "team-tourn"]
[EventCountry "IND"]
[SourceTitle "playchess.com"]
[Source "ChessBase"]
[SourceQuality "1"]
[WhiteTeam "Morocco"]
[BlackTeam "Gabun"]
[WhiteTeamCountry "MAR"]
[BlackTeamCountry "GAB"]

1. e4 c5 2. Nf3 d6 3. Bb5+ Bd7 4. Bxd7+ Qxd7 5. O-O Nc6 6. c3 Nf6 7. Re1 g6 8.
d4 cxd4 9. cxd4 e5 10. Nc3 Bg7 11. h3 O-O 12. Bg5 Nh5 13. dxe5 Nxe5 14. Nd5
Rae8 15. Rc1 Nc6 16. g4 h6 17. Bd2 Nf6 18. Nxf6+ Bxf6 19. Bxh6 Bg7 20. Qd2 Re6
21. Bxg7 Kxg7 22. Nd4 Rf6 23. Nxc6 bxc6 24. Qc3 g5 25. e5 dxe5 26. Rxe5 Kg6 27.
Qe3 Rf4 28. Re4 Rf6 29. Rc5 Qd6 30. Rxg5+ Kh7 31. Rh5+ Kg7 32. Ree5 Rd8 33.
Reg5+ Rg6 34. Qc3+ f6 35. Rxg6+ Kxg6 36. Qe3 Kf7 37. Qxa7+ Ke6 38. Kg2 Qb4 39.
Qe3+ Kd6 40. a3 Qxb2 41. Qd3+ Kc7 42. Rh7+ Kc8 43. Qa6+ 1-0

[Event "44th Chess Olympiad Open 2022"]
[Site "Chennai"]
[Date "2022.07.29"]
[Round "1.74"]
[White "Bongo Akanga Ndjila, Barthelemy"]
[Black "Tissir, Mohamed"]
[Result "0-1"]
[WhiteElo "1803"]
[BlackElo "2366"]
[Annotator "TA"]
[PlyCount "53"]
[EventDate "2022.07.29"]
[EventType "team-tourn"]
[EventCountry "IND"]
[SourceTitle "playchess.com"]
[Source "ChessBase"]
[SourceQuality "1"]
[WhiteTeam "Gabun"]
[BlackTeam "Morocco"]
[WhiteTeamCountry "GAB"]
[BlackTeamCountry "MAR"]

1. d4 Nf6 2. c4 g6 3. Nc3 Bg7 4. e4 d6 5. Be2 O-O 6. Nf3 Nbd7 7. O-O e5 8. Re1
c6 9. Bf1 a5 10. h3 Re8 11. Bg5 Qb6 12. Qd2 exd4 13. Nxd4 Nc5 14. Bxf6 Bxf6 15.
Rad1 a4 16. Kh1 Ne6 17. Nxe6 Bxe6 18. f3 Bh4 19. Qe3 Qxb2 20. Rb1 Qa3 21. Red1
Bf6 22. Nd5 Qxe3 23. Nxe3 a3 24. Rxb7 Reb8 25. Rdb1 Rxb7 26. Rb6 Rba7 27. Rb7
0-1

[Event "44th Chess Olympiad Open 2022"]
[Site "Chennai"]
[Date "2022.07.29"]
[Round "1.75"]
[White "Nevska, Gerda"]
[Black "Munoz Santana, Jose Lisandro"]
[Result "0-1"]
[WhiteElo "1840"]
[BlackElo "2423"]
[Annotator "TA"]
[PlyCount "54"]
[EventDate "2022.07.29"]
[EventType "team-tourn"]
[EventCountry "IND"]
[SourceTitle "playchess.com"]
[Source "ChessBase"]
[SourceQuality "1"]
[WhiteTeam "Channel Islands"]
[BlackTeam "Dominican Republic"]
[WhiteTeamCountry "GCI"]
[BlackTeamCountry "DOM"]

1. c4 e5 2. Nc3 Bb4 3. e4 Bxc3 4. bxc3 Nf6 5. Ba3 d6 6. d3 O-O 7. Rb1 Re8 8.
Ne2 c6 9. Ng3 d5 10. cxd5 cxd5 11. Be2 Qa5 12. Bb4 Qc7 13. c4 dxc4 14. dxc4 Rd8
15. Qc2 Nc6 16. O-O Be6 17. Bc3 Rac8 18. Qb2 b6 19. Rfd1 Nd7 20. Nf1 Nc5 21. f3
Na4 22. Qa3 Nxc3 23. Qxc3 Nd4 24. Kf2 Nxe2 25. Kxe2 Rxd1 26. Rxd1 Qxc4+ 27. Qd3
Rd8 0-1

[Event "44th Chess Olympiad Open 2022"]
[Site "Chennai"]
[Date "2022.07.30"]
[Round "2.1"]
[White "Erigaisi Arjun"]
[Black "Macovei, Andrei"]
[Result "1/2-1/2"]
[WhiteElo "2689"]
[BlackElo "2478"]
[Annotator "TA"]
[PlyCount "91"]
[EventDate "2022.07.29"]
[EventType "team-tourn"]
[EventCountry "IND"]
[SourceTitle "playchess.com"]
[Source "ChessBase"]
[SourceQuality "1"]
[WhiteTeam "India"]
[BlackTeam "Moldova"]
[WhiteTeamCountry "IND"]
[BlackTeamCountry "MDA"]

1. e4 e5 2. Nf3 Nc6 3. Bb5 Nf6 4. d3 Bc5 5. Bxc6 dxc6 6. Nbd2 Be6 7. O-O Bd6 8.
b3 Qe7 9. Bb2 Nd7 10. d4 f6 11. Qe2 O-O-O 12. Rad1 g5 13. dxe5 fxe5 14. Nc4
Bxc4 15. Qxc4 g4 16. Nd2 h5 17. Qe2 Nf8 18. Nc4 Ne6 19. Qe1 Bb4 20. c3 Bd6 21.
Ne3 Bc5 22. Nf5 Qf7 23. Bc1 Rxd1 24. Qxd1 Rd8 25. Qc2 Qd7 26. b4 Bb6 27. g3 Qd3
28. Qxd3 Rxd3 29. c4 Bd4 30. Kg2 Rc3 31. c5 Rc2 32. a3 Bxf2 33. Rxf2 Rxc1 34.
Ne7+ Kd8 35. Ng6 Ng5 36. Rf8+ Kd7 37. Nxe5+ Ke6 38. Re8+ Kf6 39. Kf2 Nxe4+ 40.
Ke3 Ng5 41. Nd3 Rc2 42. Rf8+ Ke6 43. Nf4+ Ke5 44. Re8+ Kf5 45. Rf8+ Ke5 46.
Re8+ 1/2-1/2

[Event "44th Chess Olympiad Open 2022"]
[Site "Chennai"]
[Date "2022.07.30"]
[Round "2.1"]
[White "Sasikiran, Krishnan"]
[Black "Baltag, Iulian"]
[Result "1-0"]
[WhiteElo "2638"]
[BlackElo "2405"]
[Annotator "TA"]
[PlyCount "121"]
[EventDate "2022.07.29"]
[EventType "team-tourn"]
[EventCountry "IND"]
[SourceTitle "playchess.com"]
[Source "ChessBase"]
[SourceQuality "1"]
[WhiteTeam "India"]
[BlackTeam "Moldova"]
[WhiteTeamCountry "IND"]
[BlackTeamCountry "MDA"]

1. d4 Nf6 2. c4 e6 3. Nc3 d5 4. cxd5 exd5 5. Bg5 Nbd7 6. e3 c6 7. Bd3 Be7 8. h3
Nf8 9. Nf3 a5 10. Qc2 Ne6 11. Bh4 g6 12. a3 Kf8 13. O-O Kg7 14. Bg3 Bd6 15.
Bxd6 Qxd6 16. Rab1 c5 17. dxc5 Nxc5 18. Rbd1 Qb6 19. Nd4 Bd7 20. Be2 Rac8 21.
Qb1 Rhe8 22. Bf3 Re5 23. Rc1 Rce8 24. b4 axb4 25. Qxb4 Qxb4 26. axb4 Nd3 27.
Rcd1 Nb2 28. Rd2 Nc4 29. Ra2 Nd6 30. Rc1 Rc8 31. Nce2 Rc4 32. Rxc4 dxc4 33. Ra7
Nfe4 34. Bxe4 Rxe4 35. Kf1 h5 36. Nc3 Re5 37. h4 Bf5 38. g3 Bd3+ 39. Ke1 Re8
40. Kd2 Rd8 41. Ra5 Nf5 42. Rd5 Ra8 43. e4 Ne7 44. Rd7 Nc6 45. b5 Nxd4 46. Rxd4
Re8 47. f3 Re7 48. Rd6 f5 49. e5 Rxe5 50. Rd7+ Kf8 51. Rxb7 Ke8 52. b6 Re6 53.
Na4 Rd6 54. Ke3 c3 55. Rc7 f4+ 56. gxf4 Kd8 57. Rxc3 Ba6 58. Rb3 Kc8 59. Nc5
Bf1 60. b7+ Kb8 61. Ra3 1-0

[Event "44th Chess Olympiad Open 2022"]
[Site "Chennai"]
[Date "2022.07.30"]
[Round "2.1"]
[White "Schitco, Ivan"]
[Black "Harikrishna, Pentala"]
[Result "0-1"]
[WhiteElo "2490"]
[BlackElo "2720"]
[Annotator "TA"]
[PlyCount "76"]
[EventDate "2022.07.29"]
[EventType "team-tourn"]
[EventCountry "IND"]
[SourceTitle "playchess.com"]
[Source "ChessBase"]
[SourceQuality "1"]
[WhiteTeam "Moldova"]
[BlackTeam "India"]
[WhiteTeamCountry "MDA"]
[BlackTeamCountry "IND"]

1. c4 e5 2. Nf3 Nc6 3. d4 exd4 4. Nxd4 Nf6 5. Nc3 Bb4 6. g3 d6 7. Nxc6 Bxc3+ 8.
bxc3 bxc6 9. Bg2 Bd7 10. c5 d5 11. Qd4 O-O 12. O-O Re8 13. Re1 Rb8 14. f3 Qe7
15. a4 Bc8 16. e4 dxe4 17. Bg5 Qe5 18. Qxe5 Rxe5 19. Be3 Bf5 20. Bd4 Ree8 21.
Bxf6 exf3 22. Bxf3 gxf6 23. Bxc6 Re5 24. Rxe5 fxe5 25. Bd5 Kg7 26. Ra3 Rd8 27.
c4 Rb8 28. a5 h5 29. h4 e4 30. Kf2 Kf6 31. Ke3 Ke5 32. Bxf7 Bg4 33. Bd5 Rb2 34.
Bxe4 Re2+ 35. Kd3 Rxe4 36. Rb3 Be2+ 37. Kd2 Kd4 38. Rb7 Bf3 0-1

[Event "44th Chess Olympiad Open 2022"]
[Site "Chennai"]
[Date "2022.07.30"]
[Round "2.1"]
[White "Hamitevici, Vladimir"]
[Black "Narayanan.S.L"]
[Result "0-1"]
[WhiteElo "2473"]
[BlackElo "2659"]
[Annotator "TA"]
[PlyCount "78"]
[EventDate "2022.07.29"]
[EventType "team-tourn"]
[EventCountry "IND"]
[SourceTitle "playchess.com"]
[Source "ChessBase"]
[SourceQuality "1"]
[WhiteTeam "Moldova"]
[BlackTeam "India"]
[WhiteTeamCountry "MDA"]
[BlackTeamCountry "IND"]

1. d4 Nf6 2. c4 e6 3. Nf3 d5 4. g3 dxc4 5. Bg2 c6 6. O-O b5 7. a4 Bb7 8. b3
cxb3 9. Qxb3 a6 10. Rd1 Nbd7 11. Bf4 Be7 12. Nc3 O-O 13. Ne5 Nd5 14. Ne4 Nxe5
15. Bxe5 f6 16. Bf4 f5 17. Nc5 Bxc5 18. dxc5 Qf6 19. Rac1 Rf7 20. Bd6 f4 21.
Bxd5 exd5 22. Bxf4 Re8 23. axb5 axb5 24. Be3 Bc8 25. Rd4 Bf5 26. Rf4 Qe6 27.
Re1 Ra7 28. Bd4 Ra4 29. Qb2 Re7 30. h4 h6 31. h5 Bg4 32. f3 Bxh5 33. g4 Bg6 34.
Kf2 Rc4 35. Qb3 Rc2 36. Qe3 Qd7 37. Qa3 Qc7 38. Be3 Qe5 39. Qb3 Rc3 0-1

[Event "44th Chess Olympiad Open 2022"]
[Site "Chennai"]
[Date "2022.07.30"]
[Round "2.2"]
[White "Caruana, Fabiano"]
[Black "Bachmann, Axel"]
[Result "1/2-1/2"]
[WhiteElo "2783"]
[BlackElo "2588"]
[Annotator "TA"]
[PlyCount "69"]
[EventDate "2022.07.29"]
[EventType "team-tourn"]
[EventCountry "IND"]
[SourceTitle "playchess.com"]
[Source "ChessBase"]
[SourceQuality "1"]
[WhiteTeam "United States"]
[BlackTeam "Paraguay"]
[WhiteTeamCountry "USA"]
[BlackTeamCountry "PAR"]

1. e4 e5 2. Nf3 Nc6 3. Bb5 Bc5 4. O-O Nd4 5. Nxd4 Bxd4 6. c3 Bb6 7. d4 c6 8.
Ba4 d6 9. Bc2 Ne7 10. dxe5 dxe5 11. Qxd8+ Bxd8 12. Be3 Bb6 13. Bxb6 axb6 14.
Nd2 Be6 15. Bb3 Kd7 16. Nc4 Bxc4 17. Bxc4 f6 18. h4 Nc8 19. Rad1+ Ke7 20. Bb3
Rd8 21. Rxd8 Kxd8 22. a4 Nd6 23. f3 Ke7 24. Kf2 c5 25. Rb1 c4 26. Bd1 b5 27.
axb5 Nxb5 28. Be2 Nd6 29. b3 b5 30. bxc4 bxc4 31. Rb4 Ra2 32. Kf1 Ra1+ 33. Kf2
Ra2 34. Kf1 Ra1+ 35. Kf2 1/2-1/2